书目信息 |
| 题名: |
运动训练学导论
|
|
| 作者: | 池建 , 李宗浩 , 杨桦 主编 | |
| 分册: | ||
| 出版信息: | 北京 北京体育大学出版社 2007 |
|
| 页数: | 400页 | |
| 开本: | 23cm | |
| 丛书名: | ||
| 单 册: | ||
| 中图分类: | G808.1 , G804.8 | |
| 科图分类: | ||
| 主题词: | 运动训练 , 体育理论 | |
| 电子资源: | ||
| ISBN: | 978-7-81100-746-6 | |
| 000 | 01242nam0 2200325 450 | |
| 001 | 1555546148 | |
| 005 | 20150706203558.09 | |
| 010 | @a978-7-81100-746-6@dCNY36.00 | |
| 090 | @aG808@byh | |
| 096 | @aG808@byh | |
| 100 | @a20080331d2007 em y0chiy50 ea | |
| 101 | 0 | @achi |
| 102 | @aCN@b110000 | |
| 105 | @ay z 000yy | |
| 106 | @ar | |
| 200 | 1 | @a运动训练学导论@b专著@dIntroduction to sport training@f杨桦,李宗浩,池建主编@zeng@Ayun dong xun lian xue dao lun |
| 210 | @a北京@c北京体育大学出版社@d2007 | |
| 215 | @a400页@d23cm | |
| 300 | @a全国体育学专业研究生系列通识教材/全国高等学校体育教学指导委员会组织编写 | |
| 330 | @a本书分为概述、运动训练的科学基础、运动训练原则、运动员竞技能力及训练、运动员科学选材、运动训练方法与手段、运动训练计划的制订、实施与控制、运动训练监控与疲劳消除、运动竞赛与参赛控制等。 | |
| 510 | 1 | @aIntroduction to sport training@zeng |
| 606 | 0 | @a运动训练 |
| 606 | 0 | @a体育理论 |
| 690 | @aG808.1@v4 | |
| 690 | @aG804.8@v4 | |
| 701 | 0 | @a池建@f(1959.1~)@4主编@Achi jian |
| 701 | 0 | @a李宗浩@f(1950~)@4主编@Ali zong hao |
| 701 | 0 | @a杨桦@c(体育教授,@f1955.9~)@4主编@Ayang hua |
| 801 | 0 | @aCN@b大连网信软件有限公司图书馆·11@c20150706 |
| 905 | @aZUCC@dG804.8@et135 | |
| 运动训练学导论=Introduction to sport training/杨桦,李宗浩,池建主编.-北京:北京体育大学出版社,2007 |
| 400页;23cm |
| 全国体育学专业研究生系列通识教材/全国高等学校体育教学指导委员会组织编写 |
| ISBN 978-7-81100-746-6:CNY36.00 |
| 本书分为概述、运动训练的科学基础、运动训练原则、运动员竞技能力及训练、运动员科学选材、运动训练方法与手段、运动训练计划的制订、实施与控制、运动训练监控与疲劳消除、运动竞赛与参赛控制等。 |
| ● |
| 相关链接 |
|
|
|
|
正题名:运动训练学导论
索取号:G804.8/t135
 
预约/预借
| 序号 | 登录号 | 条形码 | 馆藏地/架位号 | 状态 | 备注 |
| 1 | 6940075 | 269400757 | 体育系资料室/ [索取号:G804.8/t135] | 在馆 | |
| 2 | 6940076 | 269400766 | 密集书库-体育系/ [索取号:G804.8/t135] | 在馆 | |
| 3 | 6940340 | 269403406 | 密集书库-体育系/ [索取号:G804.8/t135] | 在馆 |